00951nab a22002057a 4500003000400000005001700004008004100021040000700062100002900069245012400098260007200222300001300294500005000307505010000357505008900457650002000546650002800566650001900594773013200613OSt20260116165149.0190605e xxu||||| |||| 00| 0 spa d cPJ aMosquera, Gerardo Raúl10aDe la reparación a la prevención. Reconfigurando el derecho laboral en favor del trabajador /cGerardo R. Mosquera. aCiudad Autónoma de Buenos Aires :bThomson Reuters La Ley,c2025. ap. 50-63 aCita Online: Cita: TR LALEY AR/DOC/862/2025. t aSumario: I. Introducción.— II. Desarrollo.— III. Conclusiones.— IV. Bibliografía.  t¿Te interesa el texto completo? Solicitalo al correo: koha@justierradelfuego.gov.ar 0aDERECHO LABORAL 0aDERECHOS DEL TRABAJADOR 0aPREVISIBILIDAD0 02711dCiudad Autónoma de Buenos Aires : Thomson Reuters La Ley, 1999-2002.tRevista de derecho del trabajo. Nº 3 - Mayo 2025